| 000 | 00548nam a22001457a 4500 | ||
|---|---|---|---|
| 999 |
_c523845 _d523845 |
||
| 008 | 231005b ||||| |||| 00| 0 eng d | ||
| 100 |
_aPurkyastha, B.S. _944065 |
||
| 245 | _aIndia hub for electronics manufacturing | ||
| 260 | _aKurukshetra | ||
| 300 | _a71(11), Sep, 2023: p.22-26 | ||
| 520 | _aThe PLI scheme 2.0 for IT hardware is targeting total production worth Rs. 3.25 lakh crore and additional investment of Rs. 2,430 crore in electronics manufacturing | ||
| 773 | _aKurukshetra | ||
| 906 | _aIDUSTRIAL DEVELOPMENT | ||
| 942 | _cAR | ||